Greek / Roman Mythology quiz - Statistics

General Stats
  • This quiz has been taken 349 times
  • The average score is 11 of 17
Answer Stats
Hint Options Answer % Correct
Dionysus was born a demigod True or False True
99%
A toga is Greek and a chiton is Roman True or False False (a toga is roman and the chiton is greek)
97%
Who is Chiron's father a. Zeus b. Cronus c. Ares d. Atlas Cronus
95%
Who is Apollo's twin sister a. Artemis b. Aphrodite c. Athena d. Demeter Artemis
94%
Eos is the goddess of a. Fall b. Night c. Summer d. Dawn Dawn
94%
Which Hero did Medea help to steal from her father a. Perseus b. Heracles c. Achilles d. Jason Jason
94%
Who was never a demigod a. Jason b. Perseus c. Zethes d. Calais Jason
94%
Who is not a Gorgon a. Medusa b. Khione c. Stheno d. Eurayle Khione
93%
Daedalus got his murders brand from killing a. his son b. his daughter c. his nephew d. his niece His Nephew
92%
Hera has five kids. Which is not hers a. Ares b. Hephaestus c. Enyo d. Theseus e. Hebe f. Eileithyia Theseus
92%
Who is not a "god" a. Pan b. Tyche c. Ares d. Pluto Tyche (she's a GODDESS not a god)
92%
Which is the correct pair a. Zeus & Mars b. Artemis & Ceres c. Cronus & Somnus d. Aphrodite & Venus Aphrodite & Venus
91%
Who is not a god/goddess of war a. Enyo b. Ares c. Eris d. Athena Athena
3%
Who is not an Elder Cyclops a. Arges b. Brontes c. Cottus d. Steropes Cottus (he is a hecatoncherie (hundred-handed one))
0%
Who is not Greek a. Apate b. Bia c. Castor d. Dscordia Discordia (Apate is the daughter of Nyx and Erebus and Bia is the goddess of force and power)
0%
Who is not a Titan a. Oceanus b. Kratos c. Rhea d. Tethys Kratos (he's a god, not a titan)
0%
Who is not Roman a. Hercules b. Juventas c. Invidia d. Nike Nike (Hercules is the roman form; HERACLES is greek)
0%
No matching quizzes found
Score Distribution
Percent of People with Each Score
Percentile by Number Answered
Your Score History
You have not taken this quiz